000 00772nam a2200253Ia 4500
003 OSt
005 20220928101547.0
006 a|||||r|||| 00| 0
007 ta
008 220927b |||||||| |||| 00| 0 hin d
020 _a9789390625208
_cINR 300.00
024 _a146100
037 _bBR5697, 28/12/2021, Rajkamal Prakashan Pvt.Ltd.
_cTextual
040 _aSDCL
_cSDCL
_bhin
041 _2hin
_ahin
082 _aO152,3N25, R1
100 _aSingh Balwant
_9391576
245 0 _aRaavi paar
260 _aAllahabad
_bLokbharati Prakashan
_c2021
300 _a135
_ccm.
650 _aHindi Journalism
_9391577
942 _hO152,3N25, R1
_cTEXL
_2CC
999 _c707476
_d707476